Kliknij powiaty województwa małopolskiego na mapie - Statystyki

Ogólne statystyki
  • Ten quiz został rozwiązany 2 920 razy
  • Średni wynik to 15 z 22
Odpowiedzi na mapie
Odpowiedzi zakodowano w zielono-czerwonej skali na mapie do tego quizu, zgodnie z poniższymi procentami.
 
Statystyki odpowiedzi
Odpowiedź % Poprawnych
Kraków
89%
krakowski
87%
tatrzański
87%
nowosądecki
84%
tarnowski
84%
Tarnów
83%
Nowy Sącz
82%
wielicki
76%
nowotarski
74%
bocheński
66%
gorlicki
66%
limanowski
66%
myślenicki
64%
olkuski
61%
dąbrowski
60%
oświęcimski
60%
miechowski
59%
wadowicki
59%
brzeski
58%
chrzanowski
57%
proszowicki
57%
suski
55%
Nie znaleziono quizów pasujących do podanych kryteriów
Rozkład punktacji
Procent ludzi z każdym wynikiem
Percentyl według liczby udzielonych odpowiedzi
Twoja historia wyników
Nie rozwiązałeś tego quizu